000 00896nas a2200289 4500
001 BR2014005849
003 BR-BrBNA
005 20231205124522.0
007 ta
008 230509b bl.|||p| |||| 00| 00por d
040 _aBR-BrBNA
_bpor
_cBiblioteca Nacional de Agricultura
041 _a(Pt)
072 _aF06; P05
100 1 _aFrigo, M.S.
100 1 _aBueno, O. de C.
100 1 _aEsperancini, M.S.T.
100 1 _aFrigo, E.P.
100 1 _aKlar, A.E.
245 1 _aAnálise energética do primeiro ano de cultivo do pinhão-manso em sistema irrigado por gotejamento
650 _aBIOCOMBUSTÍVEL
650 _aBALANÇO DE ENERGIA
650 _aIRRIGAÇÃO POR GOTEJAMENTO
650 _aJATROPHA CURCAS
773 0 _tIrriga (Brazil)
_xISSN 1808-3765
_g(Apr-Jun 2008), V. 13(2) p. 261-271
_wBR2014005849
909 _a202311
_bLúcia
_c55
_dLúcia Elande
942 _2AGRIS
_n0
_cANA
999 _c239498
_d239498